| 000 | 01088nam a22002657a 4500 | ||
|---|---|---|---|
| 001 | BD-DhSAU | ||
| 003 | BD-DhSAU | ||
| 005 | 20250720122956.0 | ||
| 008 | 150420b2005 bg ||||| m||| 00| 0 eng d | ||
| 040 | _aBD-DhSAU | ||
| 082 |
_222 _a635 _bAk47 |
||
| 100 |
_aAKHTER, NOWSHIN _eRegistration No. # 15-06772 |
||
| 245 |
_aEffect of different organic growing media on growth and yield of vertically grown bari chive-1 / _bMS thesis |
||
| 260 |
_aSher-e-Bangla Agricultural Uniersity : _bDepartment of Horticulture, _c2022. |
||
| 300 |
_axi, 63p. ; _c30 cm. |
||
| 500 | _aMS thesis of Department of Horticulture, Faculty of Agriculture, Sher-e-Bangla Agricultural University, Dhaka, Bangladesh | ||
| 504 | _aIncludes bibliographical reference. | ||
| 590 | _aNazmul | ||
| 650 | _aorganic growing media | ||
| 651 | _avertically grown bari chive-1 | ||
| 700 |
_aProf. Dr. A Hasnat M Solaiman _eSuperviser |
||
| 700 |
_aProf. Dr. Jasim Uddain _eCo-superviser |
||
| 856 | _uhttp://archive.saulibrary.edu.bd:8080/xmlui/handle/123456789/5393 | ||
| 942 |
_2ddc _cTHESIS |
||
| 999 |
_c17576 _d17575 |
||